Wappen deutschsprachiger Großstädte - Statistiken

Allgemein
  • Dieses Quiz wurde 193 mal gespielt
  • Das Durchschnittsergebnis liegt bei 11 aus 24
Antwortstatistiken
Bildquiz Antwort % Korrekt
Berlin
99%
Bremen
86%
Hamburg
77%
München
75%
Wien
63%
Köln
60%
Stuttgart
58%
Bern
52%
Mainz
46%
Frankfurt
43%
Zürich
42%
Basel
40%
Dortmund
38%
Graz
37%
Leipzig
37%
Dresden
36%
Nürnberg
31%
Essen
25%
Hannover
25%
Lübeck
23%
Ulm
23%
Münster
19%
Salzburg
16%
Braunschweig
10%
Keine übereinstimmenden Quizze gefunden
Verteilung der Resultate
Anzahl Personen mit jedem Resultat
Perzentil nach korrekt beantworteten Fragen
Ihre Resultats-Entwicklung
Sie haben dieses Quiz noch nicht gespielt